00749 2200229 4500001002100000005001700021008004100038020002200079035002400101040001200125082001100137084001900148245016200167250001100329260005300340300002200393650001800415700003500433700001700468850001200485990002200497INLIS00000000002562120170216095930.0  a978-602-74273-8-9 0010-021700000000435 aYOPDYOG a808.84 aDEP 808.84 Men aMENYURAT iman menggurat hak asasi manusiab: kumpulan esai mahasiswa lintas ilmu dan budayac/ Marcelline Gratia Sephira Taum...[et al] ; editor, A. Windarto aCet.1. aYogyakartabSanata Dharma University Pressc2016 a186 hlm.c; 21 cm aEsai-Kumpulan aMarcelline Gratia Sephira Taum aWindarto, A. aYOPDYOG aCB-D.11/2016-1124